000 00324nam a2200145Ia 4500
005 20251222152718.0
008 251222s9999||||xx |||||||||||||| ||spa||
020 _a8402013058
082 _a843/D11
100 _aD’Isard, Marcel
245 0 _aSissi Emperatriz
250 _a15 ed.
264 _bBruguera
942 _cLIB
999 _c29476
_d29476